| 000 | 00453nam a2200181Ia 4500 | ||
|---|---|---|---|
| 003 | GCL | ||
| 008 | 140319s9999 xx 000 0 eng d | ||
| 040 |
_aGCL / _cGCL |
||
| 082 | 0 | 4 |
_a306.8742 _bD P |
| 100 | 1 | _aDODSON, FITZHUGH | |
| 245 | 1 | 0 |
_aLE PERE ET SON ENFANT / _cDODSON, FITZHUGH |
| 260 |
_a[S.N] : _bMARABOUT UNIVERSITE ، _c1975 |
||
| 300 | _a407 P | ||
| 650 | 0 | 4 | _aCHILDHOOD |
| 650 | 0 | 4 | _aFATHERHOOD |
| 650 | 0 | 4 | _aFATHERS |
| 942 |
_2ddc _cBK |
||
| 999 |
_c24893 _d24893 |
||